书目信息 |
| 题名: |
农村新民居审美研究
|
|
| 作者: | 韦祖庆 著 | |
| 分册: | ||
| 出版信息: | 北京 经济日报出版社 2016.03 |
|
| 页数: | 203页 | |
| 开本: | 26cm | |
| 丛书名: | ||
| 单 册: | ||
| 中图分类: | TU241.4 | |
| 科图分类: | ||
| 主题词: | 民用建筑--建筑设计 | |
| 电子资源: | ||
| ISBN: | 978-7-80257-922-4 | |
| 000 | 00576nam0 2200193 450 | |
| 001 | 399 | |
| 005 | 20160906090119.56 | |
| 010 | @a978-7-80257-922-4@dCNY39.00 | |
| 100 | @a20160722d2016 km y0chiy0120 ea | |
| 101 | 0 | @achi |
| 102 | @aCN@b110000 | |
| 200 | 1 | @a农村新民居审美研究@Anong cun xin min ju shen mei yan jiu@f韦祖庆著@Fwei zu qing zhu |
| 210 | @a北京@c经济日报出版社@d2016.03 | |
| 215 | @a203页@d26cm | |
| 606 | 0 | @a民用建筑@x建筑设计 |
| 690 | @aTU241.4@v4 | |
| 701 | 0 | @a韦祖庆@Awei zu qing@4著 |
| 801 | 0 | @aCN@b唐山师范学院图书馆@c20160722 |
| 905 | @aZUCC@dTU241.4@e736 | |
| 农村新民居审美研究/韦祖庆著.-北京:经济日报出版社,2016.03 |
| 203页;26cm |
| ISBN 978-7-80257-922-4:CNY39.00 |
| ● |
| 相关链接 |
|
|
|
|
正题名:农村新民居审美研究
索取号:TU241.4/736
 
预约/预借
| 序号 | 登录号 | 条形码 | 馆藏地/架位号 | 状态 | 备注 |
| 1 | 901687 | 209016875 | 第二样本阅览室/ [索取号:TU241.4/736] | 在馆 | |
| 2 | 901688 | 209016884 | 第三借阅区/ [索取号:TU241.4/736] | 在馆 | |
| 3 | 901689 | 209016893 | 第三借阅区/ [索取号:TU241.4/736] | 在馆 |